[Event "Istanbul op-A 12th"]
[Site "Istanbul"]
[Date "2013.10.16"]
[Round "6"]
[White "Temel, Burcu Melis"]
[Black "Kok, Erol"]
[Result "1-0"]
[WhiteElo "1718"]
[BlackElo "1854"]
[PlyCount "95"]
[EventDate "2013.10.12"]
[EventType "swiss"]
[EventRounds "9"]
[EventCountry "TUR"]
[SourceTitle "EXT 2014"]
[Source "ChessBase"]
[SourceDate "2013.11.20"]
[SourceVersion "1"]
[SourceVersionDate "2013.11.20"]
[SourceQuality "1"]

1. e4 e5 2. Nf3 Nc6 3. Bb5 a6 4. Ba4 Nf6 5. 0-0 b5 6. Bb3 Be7 7. Re1 0-0 8. c3 d5 9. exd5 Nxd5 10. Nxe5 Nxe5 11. Rxe5 Nf6 12. g3 Bd6 13. Re1 Ng4 14. Qf3 Rb8 15. d4 c5 16. Be3 c4 17. Bc2 f5 18. h3 Bb7 19. Qe2 f4 20. Qxg4 fxe3 21. Rxe3 Qf6 22. Qe6+ Kh8 23. Qxf6 Rxf6 24. Be4 Bc8 25. Bg2 Bd7 26. Nd2 Rh6 27. Ne4 b4 28. Ng5 Rg6 29. Nf7+ Kg8 30. Bd5 Kf8 31. Nxd6 Rxd6 32. Rf3+ Rf6 33. Rxf6+ gxf6 34. Kg2 bxc3 35. bxc3 Ke7 36. Re1+ Kd6 37. Bxc4 Rc8 38. Bxa6 Rxc3 39. Re3 Bc6+ 40. Kh2 Rc2 41. Re2 Rc1 42. g4 Rd1 43. Bc4 Rxd4 44. Bg8 Be4 45. f4 h6 46. Kg3 f5 47. Bh7 Ke6 48. Bxf5+ 1-0

[Event "Istanbul op-A 12th"]
[Site "Istanbul"]
[Date "2013.10.14"]
[Round "4"]
[White "Garabetyan, Arno"]
[Black "Kok, Erol"]
[Result "1-0"]
[WhiteElo "2074"]
[BlackElo "1854"]
[PlyCount "81"]
[EventDate "2013.10.12"]
[EventType "swiss"]
[EventRounds "9"]
[EventCountry "TUR"]
[SourceTitle "EXT 2014"]
[Source "ChessBase"]
[SourceDate "2013.11.20"]
[SourceVersion "1"]
[SourceVersionDate "2013.11.20"]
[SourceQuality "1"]

1. d4 Nf6 2. c4 e5 3. dxe5 Ne4 4. Nf3 Bc5 5. e3 Nc6 6. a3 a5 7. Qc2 d5 8. exd6 Bf5 9. Bd3 Bb4+ 10. Ke2 0-0 11. Bxe4 Bxe4 12. Qxe4 Re8 13. Qh4 Qxh4 14. Nxh4 Nd4+ 15. Kd3 Nb3 16. Ra2 Bxd6 17. Kc2 Nc5 18. Nc3 c6 19. b3 b5 20. Nf5 Be5 21. Nd4 Rec8 22. Bd2 Na6 23. Ne4 a4 24. c5 axb3+ 25. Nxb3 f5 26. Ng3 b4 27. f4 Bf6 28. Nxf5 Rcb8 29. Nfd4 Nc7 30. Bxb4 Rxb4 31. axb4 Rxa2+ 32. Kd3 Nd5 33. Nxc6 Rb2 34. Nbd4 Kf7 35. g3 Ke8 36. e4 Nxb4+ 37. Nxb4 Rxb4 38. e5 Be7 39. Rc1 Ra4 40. c6 Ba3 41. c7 1-0

[Event "Istanbul op-A 12th"]
[Site "Istanbul"]
[Date "2013.10.13"]
[Round "3"]
[White "Kok, Erol"]
[Black "Grigoriev, Armen"]
[Result "0-1"]
[WhiteElo "1854"]
[BlackElo "2198"]
[PlyCount "96"]
[EventDate "2013.10.12"]
[EventType "swiss"]
[EventRounds "9"]
[EventCountry "TUR"]
[SourceTitle "EXT 2014"]
[Source "ChessBase"]
[SourceDate "2013.11.20"]
[SourceVersion "1"]
[SourceVersionDate "2013.11.20"]
[SourceQuality "1"]

1. e4 c6 2. d4 d5 3. e5 c5 4. Nf3 Nc6 5. Bd3 Bg4 6. dxc5 e6 7. Bf4 Bxc5 8. c3 Nge7 9. b4 Bb6 10. a4 Bc7 11. Qe2 Qb8 12. Nbd2 Ng6 13. Bxg6 hxg6 14. h3 g5 15. b5 gxf4 16. bxc6 bxc6 17. 0-0 Bh5 18. Rfb1 Qc8 19. Rb4 Ba5 20. Rxf4 Bxc3 21. Ra3 Ba5 22. Qe3 Bd8 23. Rc3 Qa6 24. Nb3 Be7 25. Nbd4 Rc8 26. Qc1 c5 27. Nb5 c4 28. g4 Bg6 29. Nfd4 Qb6 30. Qa1 a6 31. a5 Qc5 32. Nd6+ Bxd6 33. exd6 Qxd6 34. Qa4+ Ke7 35. Rff3 Be4 36. Rfe3 Kf8 37. Qa3 Qxa3 38. Rxa3 Rb8 39. Rxe4 dxe4 40. Rc3 Rc8 41. Kg2 Ke7 42. f3 Rhd8 43. Ne2 exf3+ 44. Kxf3 f5 45. gxf5 exf5 46. Kf4 Kf6 47. h4 Rd3 48. Rc2 Rh8 0-1

[Event "Istanbul op-A 11th"]
[Site "Istanbul"]
[Date "2012.08.31"]
[Round "2"]
[White "Seyhanoglu, Deniz"]
[Black "Kok, Erol"]
[Result "1-0"]
[WhiteElo "2072"]
[BlackElo "1865"]
[PlyCount "125"]
[EventDate "2012.08.30"]
[EventType "swiss"]
[EventRounds "9"]
[EventCountry "TUR"]
[SourceTitle "CBM 150 Extra"]
[Source "ChessBase"]
[SourceDate "2012.10.19"]
[SourceVersion "1"]
[SourceVersionDate "2012.10.19"]
[SourceQuality "1"]

1. d4 Nf6 2. Nc3 g6 3. e4 d6 4. g3 Bg7 5. Bg2 0-0 6. Nge2 Nc6 7. 0-0 e5 8. dxe5 Nxe5 9. h3 Qe7 10. Bg5 Be6 11. f4 Ned7 12. b3 h6 13. Bh4 Qe8 14. Qd2 Nc5 15. Bxf6 Bxf6 16. f5 Bg5 17. Qd4 gxf5 18. h4 Bd8 19. exf5 Bc8 20. Rae1 Qe5 21. Qd2 Qg7 22. Nd5 f6 23. Nd4 Kh7 24. b4 c6 25. Nf4 Na4 26. Nde6 Bb6+ 27. Kh2 Bxe6 28. Nxe6 Qf7 29. Nxf8+ Rxf8 30. Qxd6 Bc7 31. Qe7 Be5 32. Qxf7+ Rxf7 33. Rd1 Nc3 34. Rd3 Rg7 35. Re1 Nxa2 36. c3 Bxc3 37. Rb1 Be5 38. Rbd1 Nxb4 39. Rd7 Bxg3+ 40. Kh3 Be5 41. Rxg7+ Kxg7 42. Rd7+ Kf8 43. Rxb7 a5 44. Ra7 Bd4 45. Rxa5 Ke7 46. Kg4 Kd6 47. Kh5 c5 48. Kxh6 c4 49. Rb5 Bc5 50. Be4 c3 51. Kg6 c2 52. Bxc2 Nxc2 53. Rxc5 Kxc5 54. h5 Kd5 55. h6 Ne3 56. h7 Ke5 57. h8Q Nd5 58. Qh2+ Ke4 59. Qe2+ Kd4 60. Kf7 Kc5 61. Qe1 Kd6 62. Qe4 Kc5 63. Qxd5+ 1-0